LEADER 01289nam a2200301 4500 001 000000365929 003 CaOOAMICUS 005 20251230091630.0 008 251224s2011 fr 000 u fre r 020 $a978-2-36040-029-4 040 $aSeMil$bita 100 0 $aBenedictus XVI,$c.$0(OLS)http://semarc/name/298 245 10$aMon Concile Vatican 2. :$benjeux et perspectives /$cJoseph Ratzinger. 264 1$aSaint-François :$bArtège,$c2011. 300 $a303 p. ;$c23 cm 650 4$aConcilio Vaticano II <1962-1965>.$0(OLS)http://semarc/subject/283 650 4$aConcilio Vaticano II <1962-1965> - Influssi [di] Joseph Ratzinger.$0(OLS)http://semarc/subject/42035 850 $aSeMil 852 $aSeMil$W1$xVenegono$y1$m2A V 18$j265841$B256723$CSeMilBibl$Z2$F256723 $81 900 1 $aRatzinger, Joseph,$d<1927-2022>. 900 0 $aBenedetto XVI$c. 961 $aBuzzi mons. Franco - Omaggio 996 $6020$a978-2-36040-029-4$9(OLS)http://semarc/number/305039 996 $6245$aMon Concile Vatican 2. :$benjeux et perspectives$9(OLS)http://semarc/title/457626 996 $6264$aSaint-François :$bArtège$9(OLS)http://semarc/publisher/62809 LEADER 01124nam a2200253 i 4500 001 000000114543 003 CaOOAMICUS 005 20030422000000.0 008 030422s1982 ii u000 u eng u 013 $a87230 040 $aSeMil$bita 100 1 $aVellanickal, Matthew.$0(OLS)http://semarc/name/47879 245 10$aStudies in the Gospel of John /$cby Matthew Vellanickal. 260 $aBangalore :$bAsian Trading Corporation,$c1982. 300 $a224 p. ;$c22 cm. 500 $aIn preliminari : Dedica autografa dell'Autore. - Fondo Card. C.M. Martini. 650 4$aBibbia. Nuovo Testamento. Vangelo secondo Giovanni - Commentari, studi, critica, interpretazioni.$0(OLS)http://semarc/subject/119 650 4$aBibbia - NT - Gesù Cristo.$0(OLS)http://semarc/subject/9402 850 $aSeMil 852 $aSeMil$W1$xVenegono$y1$m2W IV 108$j70101$B70101$CSeMilBibl$Z2$F105373 $81 941 1 $a4 961 $aOmaggio: Martini Card. Carlo Maria 996 $6245$aStudies in the Gospel of John$9(OLS)http://semarc/title/167459 996 $6260$aBangalore :$bAsian Trading Corporation$9(OLS)http://semarc/publisher/45386